| 000 | 00870nam a2200193 a 4500 | ||
|---|---|---|---|
| 001 | 000041915 | ||
| 005 | 20201002035828.0 | ||
| 008 | 131022s1993 sp ac 000 0 spa d | ||
| 020 | _a8445196511 | ||
| 040 |
_aDO-SdBNP _bSpa _cBNPHU |
||
| 245 | 0 | 0 |
_aRelaciones Topográficas de Felipe II / _cAlfredo Alvar Ezquerra. |
| 260 |
_aMadrid : _bCSIC, _c1993. |
||
| 300 |
_a193 p. : _bil., retrs. ; _c31 cm. |
||
| 504 | _aBibliografía : p. [189]-193 | ||
| 504 | _aIncluye referencias bibliográficas y notas al pie de las páginas | ||
| 505 | 0 |
_av. 1 _tTranscripción de los manuscritos / _rcoordinador Alfredo Alvar Ezquerra-- _gv. 2 _tTranscripción de los manuscritos _rcoordinador Alfredo Alvar Ezquerra-- _gv. 3 _tEstudio Introductorio / _rAlfredo Alvar Ezquerra -- |
|
| 700 | 1 |
_aAlvar Ezquerra, Alfredo _968809 |
|
| 710 | 2 |
_aConsejo Superior de Investigaciones Científicas _94786 |
|
| 999 |
_c41404 _d41404 |
||